| 000 | 00485nam a2200169Ia 4500 | ||
|---|---|---|---|
| 003 | OSt | ||
| 005 | 20200817114300.0 | ||
| 008 | 190216s9999||||xx |||||||||||||| ||und|| | ||
| 040 | _coclc | ||
| 082 |
_a546 _bPUR/P |
||
| 100 |
_aPuri, B R _94153 |
||
| 245 | 0 |
_aPrinciples Of Inorganic Chemistry / _cB R Puri ; L R Sharma |
|
| 250 | _a10th Ed. | ||
| 260 |
_bVishal Publications, _aJalandhar: _c1980. |
||
| 300 | _a1151p | ||
| 942 |
_cBK _2ddc _h546 _iPUR/P _k546 _mPUR/P |
||
| 999 |
_c2086 _d2086 |
||